Manual para la excelencia comercial : (Record no. 195555)

MARC details
000 -LEADER
campo de control de longitud fija 01410nam a2200361 i 4500
001 - NÚMERO DE CONTROL
campo de control 195555
003 - IDENTIFICADOR DE NÚMERO DE CONTROL
campo de control SpMaBN
005 - FECHA Y HORA DE LA ÚLTIMA TRANSACCIÓN
campo de control 20250712063143.0
008 - DATOS DE LONGITUD FIJA--INFORMACIÓN GENERAL
campo de control de longitud fija 240619s1990 sp | |||| ||spa d
016 7# - NÚMERO DE CONTROL DE UNA AGENCIA BIBLIOGRÁFICA NACIONAL
Número de control del registro bimoBNE19930952567
Número de control cancelado/no válido CHM920012365
Fuente SpMaBN
017 ## - NÚMERO DE COPYRIGHT O DE DEPÓSITO LEGAL
Número de copyright o de depósito legal M 19710-1990
Agencia que asigna Oficina Depósito Legal Madrid
020 ## - NÚMERO INTERNACIONAL ESTÁNDAR DEL LIBRO
Número Internacional Estándar del Libro 8487510051
035 ## - NÚMERO DE CONTROL DEL SISTEMA
Número de control de sistema (OCoLC)626422121
040 ## - FUENTE DE CATALOGACIÓN
Centro catalogador/agencia de origen SpMaBN
Lengua de catalogación spa
Centro/agencia transcriptor CHM
Centro/agencia modificador ES-MaACL
080 ## - NÚMERO DE LA CLASIFICACIÓN DECIMAL UNIVERSAL
Número de la Clasificación Decimal Universal 658.8(035)
100 ## - ENTRADA PRINCIPAL--NOMBRE DE PERSONA
Nombre de persona Molero Ayala, Víctor Manuel
Número de control del registro de autoridad o número normalizado XX1054920
9 (RLIN) 237140
Término indicativo de función/relación Autor
245 10 - MENCIÓN DEL TÍTULO
Título Manual para la excelencia comercial :
Resto del título la venta paso a paso /
Mención de responsabilidad, etc. Víctor M. Molero Ayala.
260 ## - PUBLICACIÓN, DISTRIBUCIÓN, ETC.
Lugar de publicación, distribución, etc. Madrid :
Nombre del editor, distribuidor, etc. Ediciones de las Ciencias Sociales,
Fecha de publicación, distribución, etc. 1990.
300 ## - DESCRIPCIÓN FÍSICA
Extensión 183 páginas ;
Dimensiones 23 cm
336 ## - TIPO DE CONTENIDO
Fuente rdacontent
Término de tipo de contenido texto
337 ## - TIPO DE MEDIO
Fuente rdamedia
Nombre/término del tipo de medio sin mediación
338 ## - TIPO DE SOPORTE
Fuente rdacarrier
Nombre/término del tipo de soporte volumen
490 1# - MENCIÓN DE SERIE
Mención de serie Comunicación (Ediciones de las Ciencias Sociales)
650 #4 - PUNTO DE ACCESO ADICIONAL DE MATERIA--TÉRMINO DE MATERIA
Término de materia o nombre geográfico como elemento de entrada Venta
Fuente del encabezamiento o término embne
9 (RLIN) 17760
852 ## - LOCALIZACIÓN
Ubicación ES-MaACL
Número de control de estantería N-10047
Donativo/Legado Donación: Helena de la Joya
Encuadernación Encuadernación cartoné con sobrecuebierta
Ubicación en estantería Depósito J
itemnumber 206194
903 ## - NOMBRE PERSONAL DE DONANTE
a Joya, Helena de la
e Donante
942 ## - ELEMENTOS DE ENTRADA SECUNDARIOS (KOHA)
Tipo de ítem Koha Libro impreso
Suprimir en OPAC No
Holdings
Estatus retirado Estado de pérdida Fuente del sistema de clasificación o colocación Estado de daño No para préstamo Biblioteca de origen Biblioteca actual Ubicación en estantería Fecha de adquisición Fuente de adquisición Total de préstamos Signatura topográfica completa Código de barras Visto por última vez Precio de reemplazo Tipo de ítem Koha
    Clasificación decimal universal     Biblioteca del Ateneo de Madrid Biblioteca del Ateneo de Madrid Depósito J 10/07/2025 Donación   N-10047 2025-0585 10/07/2025 10/07/2025 Libro impreso